[Event "MCR_KT12"]
[Site "?"]
[Date "2005.??.??"]
[Round "?"]
[White "Indrak, Zdenek"]
[Black "Lucan, Zdenko"]
[Result "1-0"]
[WhiteElo "2065"]
[BlackElo "1559"]
[PlyCount "35"]
[EventDate "2005.??.??"]
[EventType "corr"]
[EventRounds "2"]
[SourceDate "2005.10.20"]

1. e4 g6 2. d4 Nf6 3. e5 Nh5 4. Nf3 d6 5. Bc4 d5 6. Be2 Ng7 7. O-O Bg4 8. c4
Bxf3 9. Bxf3 e6 10. cxd5 exd5 11. Qb3 Qd7 12. Qxb7 c6 13. Qxa8 Qc7 14. Bxd5
cxd5 15. Nc3 Kd7 16. Nxd5 Qc6 17. Qxa7+ Kd8 18. Bg5+ 1-0

[Event "MCR_KT12"]
[Site "?"]
[Date "2005.??.??"]
[Round "?"]
[White "Svoboda, Frantisek"]
[Black "Pipek, Jan"]
[Result "1-0"]
[WhiteElo "2000"]
[BlackElo "1600"]
[PlyCount "23"]
[EventDate "2005.??.??"]
[EventType "corr"]
[EventRounds "2"]
[SourceDate "2005.10.20"]

1. Nc3 d5 2. e4 d4 3. Nce2 e5 4. f4 Nf6 5. d3 Nc6 6. Nf3 exf4 7. Bxf4 Bb4+ 8.
c3 dxc3 9. bxc3 Bd6 10. e5 Bxe5 11. Bxe5 Nxe5 12. Nxe5 1-0

[Event "MCR_KT12"]
[Site "?"]
[Date "2005.??.??"]
[Round "?"]
[White "Petricek, Jiri"]
[Black "Vins, Karel"]
[Result "1/2-1/2"]
[WhiteElo "1647"]
[BlackElo "1621"]
[PlyCount "60"]
[EventDate "2005.??.??"]
[EventType "corr"]
[EventRounds "2"]
[SourceDate "2005.10.20"]

1. c4 c5 2. Nc3 Nc6 3. g3 g6 4. Bg2 Bg7 5. Nf3 e6 6. O-O d5 7. d3 Nge7 8. Bg5
f6 9. Bf4 d4 10. Na4 b6 11. e3 e5 12. exd4 exf4 13. dxc5 bxc5 14. Nxc5 fxg3 15.
fxg3 Rb8 16. b3 O-O 17. Qe1 Re8 18. Rd1 Nd4 19. Qf2 Nef5 20. Rde1 Rxe1 21. Rxe1
Nxf3+ 22. Bxf3 Bf8 23. Bd5+ Kg7 24. g4 Nh6 25. Ne6+ Bxe6 26. Bxe6 Qc7 27. g5
Ng8 28. Rf1 Qb6 29. Qxb6 axb6 30. Bxg8 Kxg8 1/2-1/2

[Event "MCR_KT12"]
[Site "?"]
[Date "2005.??.??"]
[Round "?"]
[White "Lucan, Zdenko"]
[Black "Vins, Karel"]
[Result "0-1"]
[WhiteElo "1559"]
[BlackElo "1621"]
[PlyCount "88"]
[EventDate "2005.??.??"]
[EventType "corr"]
[EventRounds "2"]
[SourceDate "2005.10.20"]

1. Nf3 d5 2. g3 g6 3. Bg2 Bg7 4. e4 dxe4 5. Ng5 f5 6. O-O h6 7. Nh3 c6 8. f3
exf3 9. Qxf3 e5 10. d3 Ne7 11. c4 Be6 12. Nd2 Nd7 13. Nf2 O-O 14. Nb3 Rb8 15.
Be3 a6 16. Nc5 Bf7 17. Nxd7 Qxd7 18. Rab1 b6 19. b4 g5 20. h3 Rfc8 21. Rfd1 f4
22. gxf4 exf4 23. Bc1 Bd4 24. Bb2 Bxb2 25. Rxb2 Qd4 26. Rdd2 Nf5 27. Qe4 Qxe4
28. Nxe4 Nd4 29. Nd6 Rc7 30. c5 b5 31. a3 f3 32. Bf1 Bd5 33. Ne4 Rf8 34. Rh2
Rg7 35. Nc3 Be6 36. Ne4 h5 37. Nf2 g4 38. hxg4 hxg4 39. Ne4 g3 40. Nxg3 Rxg3+
41. Kf2 Rg6 42. Rh4 Bg4 43. Bh3 Bxh3 44. Rxh3 Rg2+ 0-1

[Event "MCR_KT12"]
[Site "?"]
[Date "2005.??.??"]
[Round "?"]
[White "Pipek, Jan"]
[Black "Petricek, Jiri"]
[Result "1/2-1/2"]
[WhiteElo "1600"]
[BlackElo "1647"]
[PlyCount "35"]
[EventDate "2005.??.??"]
[EventType "corr"]
[EventRounds "2"]
[SourceDate "2005.10.20"]

1. e4 e6 2. d4 d5 3. e5 c5 4. c3 Nc6 5. Nf3 Qb6 6. Be2 cxd4 7. cxd4 Nge7 8. Na3
Nf5 9. Nc2 Bb4+ 10. Kf1 Be7 11. Rb1 O-O 12. Bd3 f6 13. exf6 Bxf6 14. Bxf5 exf5
15. Qd3 Bd7 16. Kg1 Rfe8 17. Bd2 Re4 18. Be3 1/2-1/2

[Event "MCR_KT12"]
[Site "?"]
[Date "2005.??.??"]
[Round "?"]
[White "Indrak, Zdenek"]
[Black "Svoboda, Frantisek"]
[Result "1-0"]
[WhiteElo "2065"]
[BlackElo "2000"]
[PlyCount "71"]
[EventDate "2005.??.??"]
[EventType "corr"]
[EventRounds "2"]
[SourceDate "2005.10.20"]

1. e4 Nc6 2. d4 d5 3. e5 Bf5 4. c3 f6 5. f4 h5 6. Nf3 h4 7. h3 e6 8. Bb5 Qd7 9.
Be3 Nge7 10. Nbd2 Be4 11. O-O Nf5 12. Bf2 g5 13. exf6 gxf4 14. Ne5 Nxe5 15.
Bxd7+ Nxd7 16. Nxe4 dxe4 17. Qb3 Kf7 18. Qxb7 Bd6 19. Qxe4 Nxf6 20. Qe2 Rh6 21.
c4 c5 22. dxc5 Bc7 23. Rad1 e5 24. Rd5 Re8 25. Rfd1 Re7 26. b4 Ng3 27. Bxg3
hxg3 28. Rd6 e4 29. Qd2 e3 30. Qd4 Bxd6 31. cxd6 Re4 32. Qd3 Rh8 33. c5 Rd8 34.
c6 e2 35. Re1 Re6 36. c7 1-0

[Event "MCR_KT12"]
[Site "?"]
[Date "2005.??.??"]
[Round "?"]
[White "Svoboda, Frantisek"]
[Black "Lucan, Zdenko"]
[Result "1-0"]
[WhiteElo "2000"]
[BlackElo "1559"]
[PlyCount "61"]
[EventDate "2005.??.??"]
[EventType "corr"]
[EventRounds "2"]
[SourceDate "2005.10.20"]

1. e4 g6 2. d4 Nf6 3. Nc3 d5 4. e5 Nh5 5. f4 Ng7 6. Qf3 Nf5 7. Nge2 e6 8. Be3
Be7 9. Bf2 Nc6 10. O-O-O a6 11. Ng3 b5 12. Nxf5 gxf5 13. Rg1 Bb7 14. g4 fxg4
15. Qxg4 Kd7 16. Bh3 Qg8 17. Qf3 Qf8 18. Qxd5+ Kc8 19. Qe4 Nb4 20. d5 Kb8 21.
Bg2 Bc5 22. Qe1 Bxf2 23. Qxf2 exd5 24. a3 Nc6 25. Nxd5 Ra7 26. Nxc7 Qc8 27. Nd5
Rd8 28. Rd3 Rxd5 29. Bxd5 b4 30. Bxf7 a5 31. Rg8 1-0

[Event "MCR_KT12"]
[Site "?"]
[Date "2005.??.??"]
[Round "?"]
[White "Petricek, Jiri"]
[Black "Indrak, Zdenek"]
[Result "0-1"]
[WhiteElo "1647"]
[BlackElo "2065"]
[PlyCount "66"]
[EventDate "2005.??.??"]
[EventType "corr"]
[EventRounds "2"]
[SourceDate "2005.10.20"]

1. e4 d6 2. d4 g6 3. Nf3 Bg7 4. Nc3 Nf6 5. Be2 O-O 6. O-O c6 7. h3 Nbd7 8. Bg5
Qc7 9. Qd2 b5 10. a4 b4 11. Nd1 Nxe4 12. Qxb4 Rb8 13. Qc4 Nb6 14. Qa2 Nxg5 15.
Nxg5 Bxd4 16. Re1 h6 17. Ne4 a5 18. c3 Bg7 19. b3 Nd5 20. Qc2 Nf4 21. Bf3 d5
22. Nc5 Qd6 23. Nd3 Bf5 24. Be2 d4 25. c4 e5 26. Rb1 Nxe2+ 27. Qxe2 e4 28. Nc1
Rfe8 29. Nb2 Qf4 30. g3 Qg5 31. Ncd3 exd3 32. Qxe8+ Rxe8 33. Rxe8+ Kh7 0-1

[Event "MCR_KT12"]
[Site "?"]
[Date "2005.??.??"]
[Round "?"]
[White "Vins, Karel"]
[Black "Pipek, Jan"]
[Result "0-1"]
[WhiteElo "1621"]
[BlackElo "1600"]
[PlyCount "90"]
[EventDate "2005.??.??"]
[EventType "corr"]
[EventRounds "2"]
[SourceDate "2005.10.20"]

1. d4 d5 2. c4 e6 3. Nc3 Nf6 4. Bg5 c6 5. e3 Nbd7 6. c5 e5 7. b4 exd4 8. exd4
Be7 9. Be3 a5 10. a3 O-O 11. Bd3 axb4 12. axb4 Rxa1 13. Qxa1 b6 14. Nf3 Ng4 15.
O-O Nxe3 16. fxe3 bxc5 17. bxc5 Re8 18. e4 Nf6 19. exd5 cxd5 20. Re1 Bb7 21.
Qa7 Bc6 22. Ne5 Ba8 23. Rc1 Ne4 24. Nb5 f6 25. Nf3 Bc6 26. Qc7 Qc8 27. Qxc8
Rxc8 28. Nc3 f5 29. Ne2 g5 30. Ne5 Ba8 31. Bc2 Bf6 32. Nd7 Bg7 33. Nb6 Rd8 34.
Bb3 Bc6 35. Rd1 Kh8 36. g3 Bb5 37. Nc1 f4 38. Kg2 Nc3 39. Rd2 Re8 40. gxf4 gxf4
41. Bc2 Re3 42. Nb3 f3+ 43. Kf2 Bh6 44. Kg3 Re2 45. Kxf3 Bxd2 0-1

[Event "MCR_KT12"]
[Site "?"]
[Date "2005.??.??"]
[Round "?"]
[White "Lucan, Zdenko"]
[Black "Pipek, Jan"]
[Result "0-1"]
[WhiteElo "1559"]
[BlackElo "1600"]
[PlyCount "81"]
[EventDate "2005.??.??"]
[EventType "corr"]
[EventRounds "2"]
[SourceDate "2005.10.20"]

1. Nf3 d5 2. g3 c5 3. Bg2 Nc6 4. b3 Bf5 5. Bb2 Nf6 6. Bxf6 exf6 7. O-O Bd6 8.
Nc3 Be6 9. Nb5 O-O 10. Nxd6 Qxd6 11. c3 Rad8 12. e3 a6 13. d4 Bg4 14. h3 Bh5
15. g4 Bg6 16. Nh4 Rfe8 17. Nxg6 fxg6 18. dxc5 Qxc5 19. Qc1 b6 20. b4 Qc4 21.
Re1 Ra8 22. Rd1 Red8 23. Bf1 Qe4 24. Bg2 Qc4 25. Bf1 Qe4 26. f3 Qxf3 27. Bg2
Qg3 28. Rf1 Rac8 29. Rf3 Qd6 30. Qd2 Ne5 31. Rf4 Nc4 32. Qd4 Qe6 33. Re1 Rc7
34. Re4 Ne5 35. Rxe5 fxe5 36. Qxd5 Rxd5 37. Bxd5 Qxd5 38. Kf2 Rf7+ 39. Kg1 Rf3
40. e4 Qd2 41. Rf1 0-1

[Event "MCR_KT12"]
[Site "?"]
[Date "2005.??.??"]
[Round "?"]
[White "Indrak, Zdenek"]
[Black "Vins, Karel"]
[Result "1-0"]
[WhiteElo "2065"]
[BlackElo "1621"]
[PlyCount "57"]
[EventDate "2005.??.??"]
[EventType "corr"]
[EventRounds "2"]
[SourceDate "2005.10.20"]

1. e4 e5 2. Nf3 Nc6 3. Bb5 a6 4. Ba4 d6 5. c3 b5 6. Bc2 g6 7. d4 Bg7 8. a4 Bd7
9. O-O f6 10. axb5 axb5 11. Rxa8 Qxa8 12. Bd3 Nce7 13. Qe2 Qb8 14. Rd1 c6 15.
Na3 Nh6 16. d5 b4 17. dxc6 Bxc6 18. cxb4 Qxb4 19. Nb5 Nf7 20. Nc7+ Kf8 21. Bc4
Qb8 22. Ne6+ Kg8 23. b3 h6 24. Ba3 Nc8 25. Nd8 Be8 26. Nxf7 Bxf7 27. Bxf7+ Kxf7
28. Qc4+ Ke8 29. Qe6+ 1-0

[Event "MCR_KT12"]
[Site "?"]
[Date "2005.??.??"]
[Round "?"]
[White "Svoboda, Frantisek"]
[Black "Petricek, Jiri"]
[Result "1-0"]
[WhiteElo "2000"]
[BlackElo "1647"]
[PlyCount "83"]
[EventDate "2005.??.??"]
[EventType "corr"]
[EventRounds "2"]
[SourceDate "2005.10.20"]

1. Nc3 Nf6 2. g3 e5 3. d3 d5 4. Bg2 d4 5. Nb1 Bd6 6. c3 O-O 7. Nh3 Nc6 8. O-O
Bg4 9. f3 Bf5 10. c4 Re8 11. Bg5 h6 12. Bxf6 Qxf6 13. Nf2 Qg5 14. a3 a6 15. Nd2
Qe3 16. h4 h5 17. Qc2 a5 18. Kh2 e4 19. dxe4 Be6 20. Rae1 Ne5 21. f4 Ng4+ 22.
Nxg4 Bxg4 23. c5 Be7 24. e5 c6 25. Ne4 Bf5 26. Nf6+ Bxf6 27. Qxf5 Be7 28. Qxh5
g6 29. Qg4 Bxc5 30. Rc1 Bf8 31. Rcd1 Qb3 32. Rxd4 Qxb2 33. Rd7 Re7 34. Rxe7
Bxe7 35. f5 Qxe5 36. fxg6 Bf6 37. e4 Qe7 38. Qh5 fxg6 39. Qxg6+ Bg7 40. Bh3 Re8
41. Rf4 c5 42. Bf5 1-0

[Event "MCR_KT12"]
[Site "?"]
[Date "2005.??.??"]
[Round "?"]
[White "Petricek, Jiri"]
[Black "Lucan, Zdenko"]
[Result "1-0"]
[WhiteElo "1647"]
[BlackElo "1559"]
[PlyCount "89"]
[EventDate "2005.??.??"]
[EventType "corr"]
[EventRounds "2"]
[SourceDate "2005.10.20"]

1. e4 g6 2. d4 Nf6 3. e5 Nh5 4. Be2 d6 5. Bxh5 gxh5 6. Nf3 Bg4 7. h3 Bf5 8. Nh4
Bg6 9. Nxg6 hxg6 10. e6 fxe6 11. Nc3 c6 12. Qd3 Rg8 13. O-O Nd7 14. Re1 e5 15.
Qc4 d5 16. Qd3 e4 17. Qe2 Qb6 18. Qe3 e6 19. a4 Bb4 20. Bd2 a5 21. Ne2 Bxd2 22.
Qxd2 Qb4 23. c3 Qd6 24. c4 dxc4 25. Rac1 Nb6 26. Nf4 Nd5 27. Rxe4 Nxf4 28. Rxf4
Qd5 29. Re1 g5 30. Rfe4 Rg6 31. Re5 Qd7 32. Rxg5 Rxg5 33. Qxg5 Qe7 34. Qg8+ Qf8
35. Qxe6+ Kd8 36. Qxc4 Kc7 37. d5 c5 38. Re6 Rd8 39. Qb5 Rxd5 40. Qxa5+ Kd7 41.
Re1 Qf6 42. Qb5+ Qc6 43. Qe2 Kc7 44. b4 cxb4 45. Qe7+ 1-0

[Event "MCR_KT12"]
[Site "?"]
[Date "2005.??.??"]
[Round "?"]
[White "Vins, Karel"]
[Black "Svoboda, Frantisek"]
[Result "0-1"]
[WhiteElo "1621"]
[BlackElo "2000"]
[PlyCount "58"]
[EventDate "2005.??.??"]
[EventType "corr"]
[EventRounds "2"]
[SourceDate "2005.10.20"]

1. d4 Nf6 2. c4 d6 3. Nc3 Nbd7 4. e4 e5 5. d5 g6 6. f3 Nh5 7. Nge2 Bg7 8. Qc2
O-O 9. Be3 a6 10. g4 Nf4 11. Nxf4 exf4 12. Bxf4 Ne5 13. Bxe5 Bxe5 14. O-O-O Kh8
15. h4 c6 16. dxc6 bxc6 17. b3 Qb6 18. Kb1 Rb8 19. Bd3 Be6 20. Na4 Qb4 21. Kc1
d5 22. c5 dxe4 23. Bxe4 Bf4+ 24. Kb1 Kg8 25. Qc3 Qxa4 26. Bc2 Qa3 27. Rhe1 Bh6
28. Qb2 Qa5 29. Be4 Bg7 0-1

[Event "MCR_KT12"]
[Site "?"]
[Date "2005.??.??"]
[Round "?"]
[White "Pipek, Jan"]
[Black "Indrak, Zdenek"]
[Result "0-1"]
[WhiteElo "1600"]
[BlackElo "2065"]
[PlyCount "50"]
[EventDate "2005.??.??"]
[EventType "corr"]
[EventRounds "2"]
[SourceDate "2005.10.20"]

1. e4 d6 2. d4 g6 3. c4 Bg7 4. Ne2 Nf6 5. Nbc3 O-O 6. g3 Nbd7 7. Bg2 e5 8. f4
exd4 9. Nxd4 Re8 10. O-O Nc5 11. Re1 c6 12. b4 Ne6 13. Be3 Ng4 14. Nxe6 Nxe3
15. Rxe3 Bxe6 16. c5 dxc5 17. e5 Qxd1+ 18. Nxd1 cxb4 19. Kf2 f6 20. Rb1 a5 21.
a3 fxe5 22. axb4 exf4 23. gxf4 Ba2 24. Rxe8+ Rxe8 25. Rc1 Bd4+ 0-1

[Event "MCR_KT12"]
[Site "?"]
[Date "2005.??.??"]
[Round "?"]
[White "Lucan, Zdenko"]
[Black "Indrak, Zdenek"]
[Result "0-1"]
[WhiteElo "1559"]
[BlackElo "2065"]
[PlyCount "64"]
[EventDate "2005.??.??"]
[EventType "corr"]
[EventRounds "2"]
[SourceDate "2005.10.20"]

1. Nf3 Nf6 2. c4 g6 3. g3 Bg7 4. Bg2 O-O 5. d3 d6 6. h3 c5 7. Nc3 Nc6 8. a3 e6
9. Bg5 h6 10. Be3 e5 11. Nd5 Nxd5 12. cxd5 Ne7 13. Nd2 Nf5 14. Nc4 b5 15. Nd2
Nxe3 16. fxe3 e4 17. Rb1 exd3 18. exd3 Re8 19. e4 Qg5 20. g4 Qxd5 21. Qc2 a5
22. O-O Qe5 23. Nf3 Qe7 24. Kh1 Be6 25. Nd2 Bxg4 26. Nf3 Be6 27. Rfe1 Qd7 28.
e5 Bxh3 29. Bxh3 Qxh3+ 30. Nh2 Bxe5 31. Rf1 Bxh2 32. Qxh2 Qxd3 0-1

[Event "MCR_KT12"]
[Site "?"]
[Date "2005.??.??"]
[Round "?"]
[White "Pipek, Jan"]
[Black "Svoboda, Frantisek"]
[Result "0-1"]
[WhiteElo "1600"]
[BlackElo "2000"]
[PlyCount "44"]
[EventDate "2005.??.??"]
[EventType "corr"]
[EventRounds "2"]
[SourceDate "2005.10.20"]

1. e4 Nc6 2. d4 d5 3. Bb5 dxe4 4. d5 a6 5. Ba4 b5 6. Bxb5 axb5 7. dxc6 Qxd1+ 8.
Kxd1 Bg4+ 9. f3 O-O-O+ 10. Bd2 Bh5 11. Kc1 exf3 12. Nxf3 e6 13. Nc3 b4 14. Ne4
Nf6 15. Nxf6 gxf6 16. h3 Bxf3 17. gxf3 Rg8 18. a4 Rg2 19. Be3 Re2 20. Bf4 e5
21. Bg3 Bh6+ 22. Kb1 Rdd2 0-1

[Event "MCR_KT12"]
[Site "?"]
[Date "2005.??.??"]
[Round "?"]
[White "Vins, Karel"]
[Black "Petricek, Jiri"]
[Result "0-1"]
[WhiteElo "1621"]
[BlackElo "1647"]
[PlyCount "58"]
[EventDate "2005.??.??"]
[EventType "corr"]
[EventRounds "2"]
[SourceDate "2005.10.20"]

1. d4 d5 2. c4 dxc4 3. Nf3 c5 4. e3 b5 5. a3 cxd4 6. Nxd4 a6 7. Nc3 Bb7 8. Bd2
e5 9. Nf3 Nd7 10. Qc2 Bd6 11. Ne4 Bc7 12. Be2 Ngf6 13. Nxf6+ Nxf6 14. Bc3 Be4
15. Qd2 O-O 16. O-O Bxf3 17. Bxf3 Qxd2 18. Bxd2 Rad8 19. Rfd1 h6 20. Bb7 a5 21.
Bc6 Rb8 22. g3 Rfd8 23. Bf3 Rd3 24. Be2 Rb3 25. Bc1 a4 26. Rd2 Ne4 27. f3 Nxd2
28. Bxd2 Rxb2 29. Rd1 Rd8 0-1

[Event "MCR_KT12"]
[Site "?"]
[Date "2005.??.??"]
[Round "?"]
[White "Vins, Karel"]
[Black "Lucan, Zdenko"]
[Result "1/2-1/2"]
[WhiteElo "1621"]
[BlackElo "1559"]
[PlyCount "105"]
[EventDate "2005.??.??"]
[EventType "corr"]
[EventRounds "2"]
[SourceDate "2005.10.20"]

1. d4 Nf6 2. c4 g6 3. Nc3 Bg7 4. e4 d6 5. f3 c6 6. Be3 Na6 7. a3 Nc7 8. d5 cxd5
9. exd5 O-O 10. Qc2 Bf5 11. Qd2 e5 12. g4 Bc8 13. h3 Re8 14. Ne4 Nxe4 15. fxe4
a6 16. Bd3 b5 17. Nf3 bxc4 18. Bxc4 a5 19. Rc1 Bb7 20. Bb6 Qd7 21. Bxa5 Rec8
22. Bb4 Na6 23. O-O Nxb4 24. Qxb4 Ba6 25. Bxa6 Rxc1 26. Rxc1 Rxa6 27. Qb8+ Bf8
28. Qb3 Qa7+ 29. Kg2 Rb6 30. Qc3 Qa6 31. Qc2 Rb5 32. Rb1 Rc5 33. Qd1 Qc4 34.
Qe1 Bh6 35. g5 Bg7 36. Kg3 Qd3 37. Kg4 Rc2 38. Kg3 Re2 39. Qf1 Qxe4 40. Nh2
Qe3+ 41. Qf3 Qf4+ 42. Qxf4 exf4+ 43. Kxf4 Rxh2 44. b4 Rb2 45. Rxb2 Bxb2 46. a4
Bd4 47. a5 Kf8 48. b5 Ke7 49. b6 Kd7 50. Ke4 Bc5 51. Kd3 Kc8 52. Kc4 Kb7 53.
Kb5 1/2-1/2

[Event "MCR_KT12"]
[Site "?"]
[Date "2005.??.??"]
[Round "?"]
[White "Petricek, Jiri"]
[Black "Pipek, Jan"]
[Result "1/2-1/2"]
[WhiteElo "1647"]
[BlackElo "1600"]
[PlyCount "32"]
[EventDate "2005.??.??"]
[EventType "corr"]
[EventRounds "2"]
[SourceDate "2005.10.20"]

1. c4 e5 2. Nc3 Nf6 3. Nf3 Nc6 4. g3 Bb4 5. Nd5 Bc5 6. d4 Nxd4 7. Nxd4 Bxd4 8.
e3 Bc5 9. Bg2 O-O 10. Nxf6+ Qxf6 11. O-O Rd8 12. Bd5 d6 13. a3 c6 14. Bg2 Be6
15. b3 d5 16. Qe2 d4 1/2-1/2

[Event "MCR_KT12"]
[Site "?"]
[Date "2005.??.??"]
[Round "?"]
[White "Svoboda, Frantisek"]
[Black "Indrak, Zdenek"]
[Result "0-1"]
[WhiteElo "2000"]
[BlackElo "2065"]
[PlyCount "98"]
[EventDate "2005.??.??"]
[EventType "corr"]
[EventRounds "2"]
[SourceDate "2005.10.20"]

1. Nc3 Nf6 2. g3 g6 3. Bg2 Bg7 4. d3 O-O 5. e4 d6 6. Nge2 c5 7. O-O Nc6 8. Bd2
e6 9. Qc1 a6 10. Re1 Qc7 11. Nd1 b5 12. Ne3 Bb7 13. Rb1 Rac8 14. f4 Nd7 15. Kh1
Nd4 16. Ng1 c4 17. c3 Nc5 18. Qd1 Nxd3 19. Rf1 Nc6 20. Nh3 f5 21. Qe2 fxe4 22.
Ng5 Rce8 23. Qg4 Nc5 24. Nc2 d5 25. Be3 Nd8 26. Nd4 Bc8 27. Qh4 h6 28. Nh3 Nd3
29. Nf2 Nxf2+ 30. Rxf2 Nb7 31. Nc2 Nc5 32. Rff1 Nd3 33. Qg4 Kh7 34. Qe2 e5 35.
fxe5 Rxf1+ 36. Rxf1 Bxe5 37. Nd4 b4 38. Qd2 bxc3 39. bxc3 Bg7 40. Qc2 Bd7 41.
Ne2 g5 42. Qd2 Rb8 43. Bd4 Bg4 44. Qe3 Bxe2 45. Qxe2 Bxd4 46. Bxe4+ dxe4 47.
Qxe4+ Kg7 48. Qxd4+ Ne5 49. Re1 Rb5 0-1

[Event "MCR_KT12"]
[Site "?"]
[Date "2005.??.??"]
[Round "?"]
[White "Lucan, Zdenko"]
[Black "Svoboda, Frantisek"]
[Result "0-1"]
[WhiteElo "1559"]
[BlackElo "2000"]
[PlyCount "66"]
[EventDate "2005.??.??"]
[EventType "corr"]
[EventRounds "2"]
[SourceDate "2005.10.20"]

1. f4 Nf6 2. Nf3 c5 3. e3 a6 4. g3 Nc6 5. b3 e6 6. Bb2 Be7 7. Bg2 d6 8. a3 O-O
9. O-O Bd7 10. h3 Ne4 11. Qe1 d5 12. d3 Nd6 13. Ne5 f6 14. Nxd7 Qxd7 15. Nd2
Qc7 16. c4 dxc4 17. Nxc4 Rad8 18. Nxd6 Rxd6 19. Bxc6 Qxc6 20. Rd1 Qb5 21. Qc3
Rb6 22. Rf2 Qxb3 23. Rfd2 Qxc3 24. Bxc3 Rb3 25. Bb2 b5 26. Kf2 Rc8 27. e4 a5
28. Rc1 c4 29. dxc4 Bc5+ 30. Kg2 Rxb2 31. Rxb2 Bxa3 32. Ra2 Bxc1 33. cxb5 Ra8
0-1

[Event "MCR_KT12"]
[Site "?"]
[Date "2005.??.??"]
[Round "?"]
[White "Indrak, Zdenek"]
[Black "Petricek, Jiri"]
[Result "1-0"]
[WhiteElo "2065"]
[BlackElo "1647"]
[PlyCount "29"]
[EventDate "2005.??.??"]
[EventType "corr"]
[EventRounds "2"]
[SourceDate "2005.10.20"]

1. e4 e6 2. d4 d5 3. Nc3 Bb4 4. e5 c5 5. a3 Bxc3+ 6. bxc3 Ne7 7. Qg4 O-O 8. Bd3
c4 9. Bh6 Nf5 10. Bxf5 g6 11. Bxg6 hxg6 12. h4 Qa5 13. Ne2 Nd7 14. h5 Rd8 15.
hxg6 1-0

[Event "MCR_KT12"]
[Site "?"]
[Date "2005.??.??"]
[Round "?"]
[White "Pipek, Jan"]
[Black "Vins, Karel"]
[Result "0-1"]
[WhiteElo "1600"]
[BlackElo "1621"]
[PlyCount "75"]
[EventDate "2005.??.??"]
[EventType "corr"]
[EventRounds "2"]
[SourceDate "2005.10.20"]

1. e4 e5 2. Nf3 Nc6 3. Bb5 Bc5 4. Bxc6 dxc6 5. O-O f6 6. b3 Bg4 7. d3 Ne7 8.
Bb2 Qd7 9. g3 a6 10. Nbd2 b5 11. a4 O-O 12. Qe2 g6 13. Rfc1 Bd6 14. Qe3 c5 15.
c4 b4 16. Nf1 g5 17. h4 h6 18. N1h2 Bxf3 19. Nxf3 Kg7 20. Re1 Ng6 21. h5 Ne7
22. Qe2 Nc6 23. Rab1 Qh3 24. Nh2 Nd4 25. Qd1 Qe6 26. Nf3 Kh7 27. Kg2 a5 28. Rh1
Rg8 29. Ra1 Raf8 30. Rg1 f5 31. Nd2 f4 32. Rh1 f3+ 33. Kf1 g4 34. Rb1 Qe8 35.
Qe1 Ne2 36. Rd1 Rg5 37. Rh4 Rxh5 38. Rxh5 0-1

[Event "MCR_KT12"]
[Site "?"]
[Date "2005.??.??"]
[Round "?"]
[White "Pipek, Jan"]
[Black "Lucan, Zdenko"]
[Result "1-0"]
[WhiteElo "1600"]
[BlackElo "1559"]
[PlyCount "77"]
[EventDate "2005.??.??"]
[EventType "corr"]
[EventRounds "2"]
[SourceDate "2005.10.20"]

1. e4 g6 2. d4 Nf6 3. e5 Nh5 4. c3 d6 5. Bb5+ c6 6. Be2 Ng7 7. Nf3 dxe5 8. Nxe5
Nd7 9. Bf4 Nxe5 10. Bxe5 f6 11. Bf4 Ne6 12. Bg3 Bg7 13. Bc4 O-O 14. Qb3 Kf7 15.
Bxe6+ Bxe6 16. Qxb7 Bd5 17. O-O c5 18. Qb5 Qb6 19. Qxc5 Qxc5 20. dxc5 Rfc8 21.
Rd1 Rxc5 22. b4 h5 23. bxc5 e6 24. Nd2 Rc8 25. c4 Bb7 26. Rdb1 Ba6 27. Bd6 Bf8
28. Ne4 Rc6 29. Bxf8 Kxf8 30. Nxf6 Bxc4 31. Rb7 a5 32. Rd1 Rc8 33. Ra7 Bxa2 34.
Rxa5 Bb3 35. Rd7 e5 36. Raa7 Be6 37. Rh7 Rxc5 38. Rh8+ Bg8 39. Rxg8# 1-0

[Event "MCR_KT12"]
[Site "?"]
[Date "2005.??.??"]
[Round "?"]
[White "Vins, Karel"]
[Black "Indrak, Zdenek"]
[Result "0-1"]
[WhiteElo "1621"]
[BlackElo "2065"]
[PlyCount "48"]
[EventDate "2005.??.??"]
[EventType "corr"]
[EventRounds "2"]
[SourceDate "2005.10.20"]

1. d4 Nf6 2. c4 g6 3. Nc3 Bg7 4. e4 d6 5. Nf3 O-O 6. Be2 Nbd7 7. O-O e5 8. d5
Nc5 9. Qc2 a5 10. Be3 b6 11. b3 Ng4 12. Bd2 f5 13. Rac1 fxe4 14. Nxe4 Nxe4 15.
h3 Nxd2 16. Nxd2 Nf6 17. f3 Bh6 18. Rcd1 Be3+ 19. Kh1 Nh5 20. Ne4 Qh4 21. Bd3
Ng3+ 22. Kh2 Bf4 23. Nxg3 Qxg3+ 24. Kg1 Bxh3 0-1

[Event "MCR_KT12"]
[Site "?"]
[Date "2005.??.??"]
[Round "?"]
[White "Petricek, Jiri"]
[Black "Svoboda, Frantisek"]
[Result "0-1"]
[WhiteElo "1647"]
[BlackElo "2000"]
[PlyCount "47"]
[EventDate "2005.??.??"]
[EventType "corr"]
[EventRounds "2"]
[SourceDate "2005.10.20"]

1. e4 Nc6 2. Nf3 f5 3. exf5 d5 4. Bb5 Bxf5 5. O-O Qd6 6. d4 O-O-O 7. c3 a6 8.
Bxc6 bxc6 9. Qe2 Kb7 10. Ng5 Qg6 11. Re1 Bxb1 12. Ne6 Ra8 13. Nc5+ Kc8 14. Qe6+
Qxe6 15. Nxe6 Bf5 16. Nxf8 e5 17. Bg5 h5 18. Be3 Ne7 19. dxe5 Rxf8 20. Bc5 Kd7
21. f4 Be4 22. g3 g5 23. Rad1 Ke6 24. fxg5 0-1

[Event "MCR_KT12"]
[Site "?"]
[Date "2005.??.??"]
[Round "?"]
[White "Lucan, Zdenko"]
[Black "Petricek, Jiri"]
[Result "0-1"]
[WhiteElo "1559"]
[BlackElo "1647"]
[PlyCount "85"]
[EventDate "2005.??.??"]
[EventType "corr"]
[EventRounds "2"]
[SourceDate "2005.10.20"]

1. c4 g6 2. Nc3 Bg7 3. e3 Nf6 4. d3 O-O 5. Nf3 c5 6. Be2 d5 7. cxd5 Nxd5 8.
Nxd5 Qxd5 9. e4 Qd7 10. O-O b6 11. Rb1 Na6 12. a3 Bb7 13. Bd2 Rfd8 14. Bc3 Nc7
15. Bxg7 Kxg7 16. Qc2 Nb5 17. Rfd1 Nd4 18. Nxd4 Qxd4 19. Qc3 e5 20. Qxd4 cxd4
21. g3 Rac8 22. b4 Rc2 23. Re1 Rdc8 24. Kf1 R8c3 25. Ra1 f6 26. Bd1 Rd2 27. Re2
Rcxd3 28. Rxd2 Rxd2 29. Ke1 Rb2 30. h4 Bxe4 31. Rc1 Kh6 32. f3 Bd3 33. Rc7 a5
34. bxa5 bxa5 35. Rc1 f5 36. Rc5 Rb5 37. Rc7 Rb1 38. Rc5 e4 39. fxe4 Bxe4 40.
Rxa5 Bc2 41. Ke2 Rxd1 42. g4 d3+ 43. Kf2 0-1

[Event "MCR_KT12"]
[Site "?"]
[Date "2005.??.??"]
[Round "?"]
[White "Svoboda, Frantisek"]
[Black "Vins, Karel"]
[Result "1-0"]
[WhiteElo "2000"]
[BlackElo "1621"]
[PlyCount "63"]
[EventDate "2005.??.??"]
[EventType "corr"]
[EventRounds "2"]
[SourceDate "2005.10.20"]

1. g3 d5 2. Bg2 g6 3. d3 c6 4. Bd2 Bg7 5. Qc1 e5 6. Nc3 d4 7. Nd1 Ne7 8. c3 c5
9. b4 cxb4 10. cxd4 exd4 11. Bxb4 Nbc6 12. Bd2 Be6 13. Nh3 h5 14. Nf4 Bd5 15.
f3 f6 16. h4 Kf7 17. O-O Qd6 18. Nxd5 Qxd5 19. f4 Qd7 20. Rb1 Rab8 21. Nf2 f5
22. Nh3 Bf6 23. Ng5+ Bxg5 24. fxg5 Kg7 25. Qb2 Kh7 26. Bf4 b6 27. Bxb8 Rxb8 28.
e4 dxe3 29. Rbe1 Qxd3 30. Qf6 e2 31. Rf2 Nd4 32. Qxe7+ 1-0

[Event "MCR_KT12"]
[Site "?"]
[Date "2005.??.??"]
[Round "?"]
[White "Indrak, Zdenek"]
[Black "Pipek, Jan"]
[Result "1-0"]
[WhiteElo "2065"]
[BlackElo "1600"]
[PlyCount "28"]
[EventDate "2005.??.??"]
[EventType "corr"]
[EventRounds "2"]
[SourceDate "2005.10.20"]

1. e4 e5 2. Nf3 Nc6 3. Bb5 f5 4. d3 fxe4 5. dxe4 Nf6 6. O-O d6 7. Nc3 Qd7 8.
Nd5 Nxe4 9. Ng5 Nxg5 10. Bxg5 Qf7 11. f4 e4 12. Bc4 Be6 13. f5 Bc8 14. Nb6 cxb6
1-0